LEADER 01494nam--2200445---450- 001 990002378290203316 005 20161122103600.0 035 $a000237829 035 $aUSA01000237829 035 $a(ALEPH)000237829USA01 035 $a000237829 100 $a20161122d2004----km-y0itay50------ba 101 2 $aita fre 102 $aIT 105 $ay|||||||001yy 200 1 $aAntologia della poesia francese$fa cura di Michela Landi$gintroduzione di Ruggero Campagnoli 210 $aRoma$cGruppo editoriale L'Espresso$d2004 215 $a960 p.$d23 cm 225 2 $a<> biblioteca di Repubblica$iPoesia straniera$v11 300 $aTitolo nell'occhietto: Poesia francese 300 $aTesto originale a fronte 300 $aSupplemento a: La Repubblica 410 0$12001$a<> biblioteca di Repubblica$iPoesia straniera$v11 512 1 $aPoesia straniera 606 0 $aPoesia francese$xAntologie$2BNCF 676 $a841.008 702 1$aLANDI,$bMichela 702 1$aCAMPAGNOLI,$bRuggero 801 0$aIT$bsalbc$gISBD 912 $a990002378290203316 951 $aVI.4.A. 1969$b253784 L.M.$cVI.4.$d392420 959 $aBK 969 $aUMA 979 $aSIAV1$b10$c20050125$lUSA01$h1452 979 $aANNAMARIA$b90$c20161122$lUSA01$h0957 979 $aANNAMARIA$b90$c20161122$lUSA01$h0958 979 $aANNAMARIA$b90$c20161122$lUSA01$h1012 979 $aANNAMARIA$b90$c20161122$lUSA01$h1036 996 $aAntologia della poesia francese$91491374 997 $aUNISA LEADER 00880nam a2200241 i 4500 001 991004283938507536 005 20230728150045.0 008 230713s2022 it e 00100 ita 020 $a9788829015412 040 $aBibl. Dip.le Aggr. Scienze Umane e Sociali - Sez. Studi Storici 082 04$a305.43000945 082 04$a378.12082 100 1 $aGaiaschi, Camilla$01380606 245 00$aDoppio standard :$bdonne e carriere scientifiche nell'Italia contemporanea /$cCamilla Gaiaschi 260 $aRoma :$bCarocci,$c2022 300 $a271 p. ;$c22 cm 440 0$aBiblioteca di testi e studi ;$v1502 504 $aBibliogr.: p. [243]-271 650 4$aDonne$xCarriera [e] Pari opportunitą$zItalia 650 4$aUniversitą$xFacoltą scientifiche$xDonne insegnanti [e] Ricercatrici$zItalia 912 $a991004283938507536 996 $aDoppio standard$93422468 997 $aUNISALENTO